000 00650nam a2200229Ia 4500
003 OSt
005 20220923212307.0
006 a|||||r|||| 00| 0
007 ta
008 220922b |||||||| |||| 00| 0 hin d
024 _a152,067
037 _cTextual
040 _aARTS
_cARTS
_bhin
041 _2hin
_ahin
082 _aO1xK5, 152H6
100 _aगोपीकृष्ण, अनु.
245 0 _aविदेशों के महाकाव्य
246 _aVideshoan ke hinākāvya
260 _c1946
942 _hO1xK5, 152H6
_cTEXL
_2CC
999 _c307739
_d307739